<?xml version="1.0" encoding="UTF-8"?>
<record
    xmlns:xsi="http://www.w3.org/2001/XMLSchema-instance"
    xsi:schemaLocation="http://www.loc.gov/MARC21/slim http://www.loc.gov/standards/marcxml/schema/MARC21slim.xsd"
    xmlns="http://www.loc.gov/MARC21/slim">

  <leader>01442cam a2200133 i 4500</leader>
  <datafield tag="020" ind1=" " ind2=" ">
    <subfield code="a">9781476677750</subfield>
  </datafield>
  <datafield tag="040" ind1=" " ind2=" ">
    <subfield code="c">DLC</subfield>
  </datafield>
  <datafield tag="082" ind1="0" ind2="0">
    <subfield code="a">327 INT 2003 C156 Or.</subfield>
  </datafield>
  <datafield tag="100" ind1="1" ind2=" ">
    <subfield code="a">Frankum, Ronald Bruce,</subfield>
  </datafield>
  <datafield tag="245" ind1="1" ind2="0">
    <subfield code="a">Elbridge Durbrow's War in Vietnam :</subfield>
    <subfield code="b">The Ambassador's Influence on American Involvement, 1957-1961 /</subfield>
  </datafield>
  <datafield tag="300" ind1=" " ind2=" ">
    <subfield code="a">viii, 263 pages :</subfield>
    <subfield code="b">illustrations ;</subfield>
    <subfield code="c">23 cm</subfield>
  </datafield>
  <datafield tag="520" ind1=" " ind2=" ">
    <subfield code="a">"Elbridge Durbrow served as the third United States ambassador to the Republic of Vietnam from 1957 to 1961. His relationships with Vietnamese president Ng&#xF4; &#x110;&#xEC;nh Di&#x1EC7;m and members of the Military Assistance Advisory Group in Saigon helped to shape his tenure in office, which ultimately concluded with his decision to end his support for the Vietnamese leader as well as turn away from the American military representatives who had earned Ng&#xF4; &#x110;&#xEC;nh Di&#x1EC7;m's trust. This triangular relationship between three competing entities was mired in clashes of ego and personality that often interfered with the American decision making process. Durbrow and his embassy staff, rather than work with the Vietnamese leadership, chose to focus on the negative and reported to Washington only those items that reinforced this perspective. They created an atmosphere of distrust and anxiety that neither the Americans nor Vietnamese could overcome in the 1960s and helped to create the conditions for greater United States involvement in Southeast Asia"--</subfield>
  </datafield>
  <datafield tag="942" ind1=" " ind2=" ">
    <subfield code="c">AEDBB</subfield>
  </datafield>
  <datafield tag="999" ind1=" " ind2=" ">
    <subfield code="c">18967</subfield>
    <subfield code="d">18967</subfield>
  </datafield>
  <datafield tag="952" ind1=" " ind2=" ">
    <subfield code="0">0</subfield>
    <subfield code="1">0</subfield>
    <subfield code="4">0</subfield>
    <subfield code="6">327_000000000000000_INT_2003_C156_OR</subfield>
    <subfield code="7">0</subfield>
    <subfield code="9">83713</subfield>
    <subfield code="a">LBC</subfield>
    <subfield code="b">LBC</subfield>
    <subfield code="c">C156</subfield>
    <subfield code="d">2020-02-17</subfield>
    <subfield code="e">A39079</subfield>
    <subfield code="o">327 INT 2003 C156 Or.</subfield>
    <subfield code="r">2020-02-17</subfield>
    <subfield code="w">2020-02-17</subfield>
    <subfield code="y">EK</subfield>
  </datafield>
</record>
